<?xml version="1.0" encoding="UTF-8"?>
<record
    xmlns:xsi="http://www.w3.org/2001/XMLSchema-instance"
    xsi:schemaLocation="http://www.loc.gov/MARC21/slim http://www.loc.gov/standards/marcxml/schema/MARC21slim.xsd"
    xmlns="http://www.loc.gov/MARC21/slim">

  <leader>02600nam a2200289 a 4500</leader>
  <controlfield tag="003">OSt</controlfield>
  <controlfield tag="005">20240904114242.0</controlfield>
  <controlfield tag="007">cr ||||||a|c|a</controlfield>
  <controlfield tag="008">230516s2019    m  ab||fom||| 001 0 sp  d</controlfield>
  <datafield tag="040" ind1=" " ind2=" ">
    <subfield code="e">rda</subfield>
  </datafield>
  <datafield tag="100" ind1="1" ind2=" ">
    <subfield code="9">187042</subfield>
    <subfield code="a">Adame Casta&#xF1;eda, Alejandro</subfield>
  </datafield>
  <datafield tag="245" ind1="1" ind2=" ">
    <subfield code="a">Historia y prespectiva de la cantidad agr&#xED;cola en la colonia Felipe &#xC1;ngeles Sombrerete, Zacatecas /</subfield>
    <subfield code="c">Alejandro Adame Casta&#xF1;eda; director de tesis Dar&#xED;o Alejandro Escobar Moreno</subfield>
  </datafield>
  <datafield tag="264" ind1=" " ind2="1">
    <subfield code="a">Chapingo, M&#xE9;xico :</subfield>
    <subfield code="b">El autor,</subfield>
    <subfield code="c">2019.</subfield>
  </datafield>
  <datafield tag="300" ind1=" " ind2=" ">
    <subfield code="a">1 recurso en l&#xED;nea (115 p&#xE1;ginas):</subfield>
    <subfield code="b">ilustraciones, mapas y tablas.</subfield>
  </datafield>
  <datafield tag="336" ind1=" " ind2=" ">
    <subfield code="2">rdacontent</subfield>
    <subfield code="a">texto</subfield>
    <subfield code="b">txt</subfield>
  </datafield>
  <datafield tag="337" ind1=" " ind2=" ">
    <subfield code="2">rdamedia</subfield>
    <subfield code="a">computadora</subfield>
    <subfield code="b">c</subfield>
  </datafield>
  <datafield tag="338" ind1=" " ind2=" ">
    <subfield code="2">rdacarrier</subfield>
    <subfield code="a">recurso en l&#xED;nea</subfield>
    <subfield code="b">cr</subfield>
  </datafield>
  <datafield tag="502" ind1=" " ind2=" ">
    <subfield code="b">MCDRR</subfield>
    <subfield code="c">Centros Regionales</subfield>
    <subfield code="d">2019.</subfield>
    <subfield code="g">MAE</subfield>
  </datafield>
  <datafield tag="504" ind1=" " ind2=" ">
    <subfield code="a">Incluye referencias bibliogr&#xE1;ficas: p&#xE1;ginas 95-101.</subfield>
  </datafield>
  <datafield tag="520" ind1=" " ind2=" ">
    <subfield code="a">El reparto agrario en Zacatecas tiene origen tanto en el proceso revolucionario como en las pol&#xED;ticas anti - migraci&#xF3;n de anta&#xF1;o. El valle frijolero de la zona noroeste del estado, conformado por los municipios con mayor producci&#xF3;n a nivel nacional, no es la excepci&#xF3;n. Dentro de este valle se encuentra la colonia Felipe &#xC1;ngeles (FA) perteneciente al municipio de Sombrerete. El reparto agrario en esta comunidad se da por la expropiaci&#xF3;n de la hacienda de Vergara, cuando se dot&#xF3; de 4,000 hect&#xE1;reas a un grupo de 100 familias campesinas en el a&#xF1;o de 1932. Desde su fundaci&#xF3;n, la comunidad, igual que la regi&#xF3;n, se especializ&#xF3; en la producci&#xF3;n de frijol de temporal. Esta actividad fue acompa&#xF1;ada por la migraci&#xF3;n tradicional hacia los Estados Unidos de Am&#xE9;rica (USA). En la actualidad los posesionarios son la segunda o tercera generaci&#xF3;n de los fundadores originales de la comunidad, pero sus lazos con el vecino pa&#xED;s se han consolidado a tal grado que los futuros herederos, o hijos de estos futuros herederos tienen la nacionalidad americana. El documento aborda los procesos de sucesi&#xF3;n que se han presentado en la comunidad, y c&#xF3;mo &#xE9;stos han resultado en la diferenciaci&#xF3;n entre agricultores y posesionarios de tierras. Adem&#xE1;s de proporcionar informaci&#xF3;n sobre las nuevas generaciones de las familias de la comunidad.</subfield>
  </datafield>
  <datafield tag="650" ind1=" " ind2="4">
    <subfield code="9">164455</subfield>
    <subfield code="a">Frijol </subfield>
    <subfield code="x"> Zacatecas</subfield>
  </datafield>
  <datafield tag="650" ind1=" " ind2="4">
    <subfield code="9">43335</subfield>
    <subfield code="a">Frijol</subfield>
    <subfield code="x">Aspectos econ&#xF3;micos</subfield>
    <subfield code="z">Zacatecas</subfield>
  </datafield>
  <datafield tag="650" ind1=" " ind2="4">
    <subfield code="9">130937</subfield>
    <subfield code="a">Frijol</subfield>
    <subfield code="x">Rendimiento</subfield>
    <subfield code="z">Zacatecas</subfield>
  </datafield>
  <datafield tag="700" ind1="1" ind2=" ">
    <subfield code="9">37511</subfield>
    <subfield code="a">Escobar Moreno, Dar&#xED;o Alejandro</subfield>
    <subfield code="e">Director de tesis.</subfield>
  </datafield>
  <datafield tag="856" ind1=" " ind2=" ">
    <subfield code="u">http://10.13.5.2/tesis/tm/Adame_Castaneda_Alejandro.pdf</subfield>
    <subfield code="z">DESCARGAR PDF</subfield>
  </datafield>
  <datafield tag="942" ind1=" " ind2=" ">
    <subfield code="2">Clasificaci&#xF3;n Universidad Aut&#xF3;noma Chapingo</subfield>
    <subfield code="c">TD</subfield>
  </datafield>
  <datafield tag="999" ind1=" " ind2=" ">
    <subfield code="c">218757</subfield>
    <subfield code="d">218757</subfield>
  </datafield>
  <datafield tag="952" ind1=" " ind2=" ">
    <subfield code="0">0</subfield>
    <subfield code="1">0</subfield>
    <subfield code="2">local</subfield>
    <subfield code="4">0</subfield>
    <subfield code="5">1</subfield>
    <subfield code="7">0</subfield>
    <subfield code="8">TesDigM</subfield>
    <subfield code="a">BC</subfield>
    <subfield code="b">BC</subfield>
    <subfield code="c">E_L</subfield>
    <subfield code="d">2023-05-16</subfield>
    <subfield code="l">0</subfield>
    <subfield code="o">Tesis digital</subfield>
    <subfield code="r">2023-05-16 00:00:00</subfield>
    <subfield code="w">2023-05-16</subfield>
    <subfield code="y">TD</subfield>
  </datafield>
</record>
